Enhancing learning through human computer interaction

Αποθηκεύτηκε σε:
Λεπτομέρειες βιβλιογραφικής εγγραφής
Άλλοι συγγραφείς: McKay, Elspeth (Επιμελητής έκδοσης)
Μορφή: Βιβλίο
Γλώσσα:English
Δημοσίευση: Hershey : Idea Group Reference, c2007
Θέματα:
Ετικέτες: Προσθήκη ετικέτας
Δεν υπάρχουν, Καταχωρήστε ετικέτα πρώτοι!

MARC

LEADER 00000nam a2200000 i 4500
001 1/80292
008 080403s2007 eng d
020 |a 1-59904-328-9 (hardcover) 
020 |a 1-59904-330-0 (ebook) 
035 |l 10096177 
040 |a GR-MY-UA  |b gre  |e aacr 
041 0 |a eng 
082 0 |a 004.019  |2 (22) 
245 1 0 |a Enhancing learning through human computer interaction /  |c Elspeth McKay, editor 
260 |a Hershey :   |b Idea Group Reference,   |c c2007 
300 |a xxii, 266 σ.;  |b εικ.;  |c 29 εκ. 
500 |a "This book is a manual for the novice - Human Computer Interaction (HCI) designer. It compares and contrasts online business training programs with e-Learning in the higher education sector and provides a range of positive outcomes for linking information management techniques, which exploit the educational benefits of Web-mediated learning in computer supported collaborative learning" Provided by publisher 
504 |a Περιλαμβάνει βιβλιογραφίες και ευρετήριο 
650 0 0 |a Human-computer interaction. 
700 1 |a McKay, Elspeth.  |4 edt 
852 |a INST  |b SYROS  |e 20080403  |h 004.019 ENH  |p 005500006198  |q 005500006198  |t BK  |y 0 
901 |a BIBL5-2008-1 
909 |a Ε  |b 139830 
922 |a 5ΕΛΗ  |b 200710  |c ΕΠΕΑΕΚ2/ΤΜΣΠΣ  |d ΠΑΠΑΣΩΤΗΡΙΟΥ 
970 |a ΚΟΝΤΟΥ  |b ΠΑΡΑΣΚΕΥΗ  |z 2008/04/03